000 00543nmm a2200193Ia 4500
008 251105s9999||||xx |||||||||||||||||und||
020 _a9788433980106
041 _aspa
100 _aGumpert, Carlos
245 0 _aEl barquito chiquitito
264 _a[Madrid, España] :
_bEditorial Anagrama,
_c2018
300 _a226 páginas
490 _aPanorama de narrativas
650 _aOther narratives
700 _aGumpert, Carlos
700 1 _a Tabucchi, Antonio
856 _uhttps://public.digitaliapublishing.com/a/79918
942 _cCF
999 _c66597
_d66597